World Trade Center : (Record no. 110264)
[ view plain ]
| 000 -CABECERA | |
|---|---|
| campo de control de longitud fija | 00985ngm a2200193 a 4500 |
| 005 - FECHA Y HORA DE LA ÚLTIMA TRANSACCIÓN | |
| campo de control | 20260310064153.0 |
| 008 - ELEMENTOS DE LONGITUD FIJA--INFORMACIÓN GENERAL | |
| campo de control de longitud fija | 050418s2003 mx 120 aaspa d |
| 035 ## - NÚMERO DE CONTROL DEL SISTEMA | |
| Número de control de sistema | UPN01000138116 |
| 049 ## - COLECCIÓN | |
| Colección | AV |
| 050 #4 - SIGNATURA TOPOGRÁFICA DE LA BIBLIOTECA DEL CONGRESO | |
| Número de clasificación | DVD NC 8 |
| 245 00 - MENCIÓN DE TÍTULO | |
| Título | World Trade Center : |
| Resto del título | en memoria. |
| 260 ## - PUBLICACIÓN, DISTRIBUCIÓN, ETC. | |
| Lugar de publicación, distribución, etc. | [EUA]: |
| Nombre del editor, distribuidor, etc. | The History Channel : |
| -- | A&E Home Video, |
| Fecha de publicación, distribución, etc. | c2003. |
| 300 ## - DESCRIPCIÓN FÍSICA | |
| Extensión | 1 DVD (120 min.) : |
| Otras características físicas | son. col. ; |
| Dimensiones | 4 3/4 plg. |
| 500 ## - NOTA GENERAL | |
| Nota general | "El material incluye capitulos con versiones [en] inglés y en español" |
| 520 ## - NOTA DE RESUMEN, ETC. | |
| Sumario, etc. | Muestra la historia de la construcción de las torres gemelas en Nueva York, revelando las controversias, decisiones e innovaciones entorno al proyecto que orgullosa y ambiciosamente soñaron y diseñaron los que construyeron el complejo. Examina los edificios desde dos puntos de vista arquitectónico y simbólico |
| 610 24 - ASIENTO SECUNDARIO DE MATERIA - NOMBRE CORPORATIVO | |
| Nombre de entidad corporativa o nombre de jurisdicción como elemento de entrada | WORLD TRADE CENTER (NUEVA YORK) - |
| Subdivisión general | DISEÑO Y CONSTRUCCION |
| 9 (RLIN) | 260 |
| 650 #4 - ASIENTO SECUNDARIO DE MATERIA - TERMINO TEMATICO | |
| Término de materia o nombre geográfico como elemento de entrada | Arquitectura |
| Subdivisión geográfica | Estados Unidos |
| Subdivisión general | Historia |
| 9 (RLIN) | 254 |
| 905 ## - TIPO DE MATERIAL | |
| Tipo de material | Audiovisuales |
| Estado de retiro | Estado de pérdida | Fuente del sistema de clasificación o colocación | Estado dañado | No para préstamo | Código de colección | Localización permanente | Ubicación/localización actual | Ubicación en estantería | Total de préstamos | Clasificación | Código de barras | Fecha visto por última vez | Número de copia | Tipo de ítem Koha |
|---|---|---|---|---|---|---|---|---|---|---|---|---|---|---|
| Library of Congress Classification | Audiovisuales | Bib. Gregorio Torres Quintero | Bib. Gregorio Torres Quintero | Audiovisual | DVD NC 8 | 227884 | 31/12/2020 | 1 | Formato Digital |
